Normal view
MARC view
- Olivieri Dino
Entry Personal Name
001 - CONTROL NUMBER
- control field: 7640
003 - CONTROL NUMBER IDENTIFIER
- control field: IT-RoPau
005 - DATE AND TIME OF LATEST TRANSACTION
- control field: 20140105111107.0
008 - FIXED-LENGTH DATA ELEMENTS
- fixed length control field: 140105|| aca||aabn | a|a d
040 ## - CATALOGING SOURCE
- Original cataloging agency: IT-RoPau
- Transcribing agency: IT-RoPau
100 ## - HEADING--PERSONAL NAME
- Personal name: Olivieri Dino
- Dates associated with a name: Codice autore testo/musica SPICS: 13481
- Relator term: Autore testo/musica
- Name of part/section of a work: Adua
670 ## - SOURCE DATA FOUND
- Source citation: Work cat.: (IT-RoPau)104049: AA.VV. 794, Canti storici (Lp 33001)